000
00242nam a2200097Ia 4500
001
678905
005
20250826161046.0
008
250824s9999 xx 000 0 und d
245
0
_a
BİR YUDUM ŞEHİR
_c
DURAN ÇETİN
260
_b
KAYALIPARK ÇOCUK
999
_c
678905
_d
678905